000 00878cam a2200205 4500
001 WB3709-25
008 000000n2001 000 0 eng u
035 _a(Sirsi) u111186
245 _aEstate owners aim for better year with dotcom ploy
260 _c2001
490 _aYorkshire Post
_v24 February 2001, 16(1)
520 _aA new website, which aims to match landowners who run commercial shoots with shooting and stalking enthusiasts, has been launched. The site at http://www.hotbarrels.com has attracted up to 40,000 hits per week and will allow landowners to diversify and market their assets more effectively, with increased revenue from lettings as well as the drives themselves.
590 _aWB
650 _aFARM DIVERSIFICATION
650 _aESTATE MANAGEMENT
650 _aSHOOTING RIGHTS
650 _aWEB SITES
690 _aRural
_96268
942 _n0
999 _c66238
_d66238